logo

Bir Sreshtho Munshi Abdur Rouf Library
Jhenaidah Cadet College

Basic Eletronics Solid State / (Record no. 5084)

MARC details
000 -LEADER
fixed length control field 00580nam a2200229 a 4500
001 - CONTROL NUMBER
JCCL Control Number 5084
003 - CONTROL NUMBER IDENTIFIER
JCCL marc code BD-JhCC
005 - DATE AND TIME OF LATEST TRANSACTION
control field 20211007134021.0
008 - FIXED-LENGTH DATA ELEMENTS--GENERAL INFORMATION
fixed length control field 171207s1985 BG |||| ||a| 00| 0 eng d
020 ## - INTERNATIONAL STANDARD BOOK NUMBER
International Standard Book Number 81219025592
035 ## - SYSTEM CONTROL NUMBER
system control number (BD-JhCC)5084
040 ## - CATALOGING SOURCE
Original cataloging agency BD-JhCC
Modifying agency BD-JhCC
041 ## - LANGUAGE CODE
Language code of Book eng
082 ## - DEWEY DECIMAL CLASSIFICATION NUMBER
Classification number 537.5
Author mark and Year THE 1985
100 ## - MAIN ENTRY--PERSONAL NAME
Personal name Theraja, B. L
245 ## - TITLE STATEMENT
Title Basic Eletronics Solid State /
Statement of responsibility, etc B. L. Theraja
260 ## - PUBLICATION, DISTRIBUTION, ETC. (IMPRINT)
Place of publication, distribution, etc New Delhi :
Name of publisher, distributor, etc S.Chand & Company Any Ltd,
Date of publication, distribution, etc 1985.
300 ## - PHYSICAL DESCRIPTION
Pagination 625 p. :
Dimensions 21 cm.
650 ## - SUBJECT ADDED ENTRY--TOPICAL TERM
Topical term or geographic name as entry element Electronics
942 ## - ADDED ENTRY ELEMENTS (KOHA)
Source of classification or shelving scheme Dewey Decimal Classification
Koha item type Books
Koha issues (borrowed), all copies 4
Holdings
Source of classification or shelving scheme Damaged status Not for loan Home library Current library Shelving location Date of accession Source of acquisition Total Checkouts Full call number Barcode Date last seen Date checked out Copy number Koha item type Cost, normal purchase price
Dewey Decimal Classification     JCC Rouf Library JCC Rouf Library Processing Center 12/07/2017 Confinde To The Library 2 537.5 THE 1985 6989 11/03/2024 10/27/2024 C-1 Books  
Dewey Decimal Classification     JCC Rouf Library JCC Rouf Library General Stacks       537.5 THE 1985 10819 02/20/2018   C-2 Books  
Dewey Decimal Classification     JCC Rouf Library JCC Rouf Library General Stacks 04/24/2018   5 537.5 THE 2015 13769 10/22/2025 10/21/2025 C-3 Books 675.00
Dewey Decimal Classification     JCC Rouf Library JCC Rouf Library General Stacks 04/24/2018   2 537.5 THE 2015 13768 10/25/2021 10/07/2021 C-4 Books 675.00

JCC Library | Contacts | JCC Home

Last Update on 23 September 2017
Copyright @ 2017-2020 JCC Rouf Library
Rouf Library, Jhenidah Cadet College (JCC), Bangladesh